{"text_format":"3","workbook":"xlsx","n_sheets":1,"sheets":["t130"],"read":"whole","date_system":"1900"}

{"sheet":"t130","index":0,"n_rows":196,"n_cols":7,"rows_kept":196,"merged":[[0,0,0,6],[30,0,30,5],[48,0,48,5],[157,0,157,5]]}
["TABELA 130.1 - Estatísticas Agrícolas, Município de Cerqueira César, Estado de São Paulo, 2007/08."]
["ITEM","UNIDADE","N.DE UPAs","MÍNIMO","MÉDIO","MÁXIMO","TOTAL"]
["Distância à sede do município","km",692,0.1,{"v":11.79,"d":"11.8"},{"v":47,"d":"47.0"},"-"]
["Área total","hectare",692,0.7,{"v":68.27,"d":"68.3"},{"v":1220.4,"d":"1,220.4"},{"v":47244.6,"d":"47,244.6"}]
["Área com cultura perene","hectare",94,0.1,{"v":32.54,"d":"32.5"},{"v":628,"d":"628.0"},{"v":3058.8,"d":"3,058.8"}]
["Área com cultura temporária","hectare",377,0.1,{"v":41.07,"d":"41.1"},{"v":655,"d":"655.0"},{"v":15484.5,"d":"15,484.5"}]
["Área com pastagem","hectare",604,0.2,{"v":30.96,"d":"31.0"},759.2,{"v":18702.7,"d":"18,702.7"}]
["Área com reflorestamento","hectare",133,0.2,{"v":30.24,"d":"30.2"},816.1,{"v":4022.5,"d":"4,022.5"}]
["Área com vegetação natural","hectare",520,0.1,{"v":7.27,"d":"7.3"},290.4,{"v":3780.4,"d":"3,780.4"}]
["Área com vegetação de brejo e várzea","hectare",150,0.2,{"v":3.07,"d":"3.1"},47.2,461.2]
["Área em descanso","hectare",9,{"v":1,"d":"1.0"},{"v":55.24,"d":"55.2"},{"v":372,"d":"372.0"},497.2]
["Área complementar","hectare",686,0.1,1.8,79.8,{"v":1237.3,"d":"1,237.3"}]
["Área das UPAs com (0, 1] ha","hectare",2,0.7,0.8,0.9,1.6]
["Área das UPAs com (1, 2] ha","hectare",6,1.2,{"v":1.58,"d":"1.6"},{"v":2,"d":"2.0"},9.5]
["Área das UPAs com (2, 5] ha","hectare",72,2.1,{"v":3.39,"d":"3.4"},{"v":5,"d":"5.0"},243.9]
["Área das UPAs com (5, 10] ha","hectare",96,5.1,{"v":7.79,"d":"7.8"},{"v":10,"d":"10.0"},747.9]
["Área das UPAs com (10, 20] ha","hectare",121,10.1,{"v":15.07,"d":"15.1"},19.8,{"v":1823,"d":"1,823.0"}]
["Área das UPAs com (20, 50] ha","hectare",197,20.5,{"v":32.31,"d":"32.3"},{"v":50,"d":"50.0"},{"v":6365.4,"d":"6,365.4"}]
["Área das UPAs com (50, 100] ha","hectare",97,50.3,{"v":68.74,"d":"68.7"},99.2,{"v":6667.4,"d":"6,667.4"}]
["Área das UPAs com (100, 200] ha","hectare",54,{"v":101,"d":"101.0"},{"v":137.89,"d":"137.9"},197.5,{"v":7446.1,"d":"7,446.1"}]
["Área das UPAs com (200, 500] ha","hectare",28,207.1,{"v":309.61,"d":"309.6"},464.4,{"v":8669,"d":"8,669.0"}]
["Área das UPAs com (500, 1.000] ha","hectare",13,504.8,{"v":667.58,"d":"667.6"},937.4,{"v":8678.6,"d":"8,678.6"}]
["Área das UPAs com (1.000, 2.000] ha","hectare",6,{"v":1032.6,"d":"1,032.6"},{"v":1098.7,"d":"1,098.7"},{"v":1220.4,"d":"1,220.4"},{"v":6592.2,"d":"6,592.2"}]
["Área das UPAs com (2.000, 5.000] ha","hectare","-","-","-","-","-"]
["Área das UPAs com (5.000, 10.000] ha","hectare","-","-","-","-","-"]
["Área das UPAs acima de 10.000 ha","hectare","-","-","-","-","-"]
["Familiares do proprietário que trabalham na UPA","unidade",663,{"v":1,"d":"1.0"},{"v":1.54,"d":"1.5"},{"v":6,"d":"6.0"},{"v":1024,"d":"1,024.0"}]
["Trabalhadores permanentes","unidade",267,{"v":1,"d":"1.0"},{"v":2.28,"d":"2.3"},{"v":59,"d":"59.0"},{"v":609,"d":"609.0"}]
["Fonte: Secretaria de Agricultura e Abastecimento, CDRS/IEA, Projeto LUPA."]
[]
["TABELA 130.2 - Explorações Animais, Município de Cerqueira César, Estado de São Paulo, 2007/08."]
["ITEM","UNIDADE","N.DE UPAs","MÍNIMO","MÉDIO","MÁXIMO","TOTAL"]
["Asininos E Muares","cabeças",39,{"v":1,"d":"1.0"},{"v":1.59,"d":"1.6"},{"v":13,"d":"13.0"},{"v":62,"d":"62.0"}]
["Avicultura de Corte","cabeças/ano",4,{"v":132000,"d":"132,000.0"},{"v":230050,"d":"230,050.0"},{"v":288000,"d":"288,000.0"},{"v":920200,"d":"920,200.0"}]
["Avicultura Ornamental/Decorativa/Exótica","cabeças",6,{"v":10,"d":"10.0"},{"v":26.67,"d":"26.7"},{"v":50,"d":"50.0"},{"v":160,"d":"160.0"}]
["Avicultura para Ovos","cabeças",35,{"v":10,"d":"10.0"},{"v":7489.94,"d":"7,489.9"},{"v":260000,"d":"260,000.0"},{"v":262148,"d":"262,148.0"}]
["Bovinocultura de Corte","cabeças",167,{"v":2,"d":"2.0"},{"v":100.61,"d":"100.6"},{"v":1061,"d":"1,061.0"},{"v":16802,"d":"16,802.0"}]
["Bovinocultura Leiteira","cabeças",127,{"v":1,"d":"1.0"},{"v":41.16,"d":"41.2"},{"v":240,"d":"240.0"},{"v":5227,"d":"5,227.0"}]
["Bovinocultura Mista","cabeças",188,{"v":2,"d":"2.0"},{"v":29.57,"d":"29.6"},{"v":500,"d":"500.0"},{"v":5559,"d":"5,559.0"}]
["Bubalinocultura","cabeças",2,{"v":2,"d":"2.0"},{"v":9,"d":"9.0"},{"v":16,"d":"16.0"},{"v":18,"d":"18.0"}]
["Caprinocultura","cabeças",5,{"v":2,"d":"2.0"},21.4,{"v":85,"d":"85.0"},{"v":107,"d":"107.0"}]
["Cunicultura","cabeças",1,{"v":9,"d":"9.0"},{"v":9,"d":"9.0"},{"v":9,"d":"9.0"},{"v":9,"d":"9.0"}]
["Equinocultura","cabeças",297,{"v":1,"d":"1.0"},{"v":3.33,"d":"3.3"},{"v":118,"d":"118.0"},{"v":990,"d":"990.0"}]
["Ovinocultura","cabeças",11,{"v":2,"d":"2.0"},{"v":36.45,"d":"36.5"},{"v":136,"d":"136.0"},{"v":401,"d":"401.0"}]
["Piscicultura","m² tanques",3,{"v":300,"d":"300.0"},{"v":18466.67,"d":"18,466.7"},{"v":50100,"d":"50,100.0"},{"v":55400,"d":"55,400.0"}]
["Suinocultura","cabeças",28,{"v":1,"d":"1.0"},{"v":6113.25,"d":"6,113.3"},{"v":41970,"d":"41,970.0"},{"v":171171,"d":"171,171.0"}]
["Fonte: Secretaria de Agricultura e Abastecimento, CDRS/IEA, Projeto LUPA."]
[]
["TABELA 130.3 -  Máquinas, Implementos e Benfeitorias, Município de Cerqueira César, Estado de São Paulo, 2007/08."]
["ITEM","UNIDADE","N.DE UPAs","MÍNIMO","MÉDIO","MÁXIMO","TOTAL"]
["Arado Comum (Bacia, Aiveca)","Unidade",114,{"v":1,"d":"1.0"},{"v":1.16,"d":"1.2"},{"v":6,"d":"6.0"},{"v":132,"d":"132.0"}]
["Arado Escarificador","Unidade",10,{"v":1,"d":"1.0"},1.1,{"v":2,"d":"2.0"},{"v":11,"d":"11.0"}]
["Arado Subsolador","Unidade",1,{"v":2,"d":"2.0"},{"v":2,"d":"2.0"},{"v":2,"d":"2.0"},{"v":2,"d":"2.0"}]
["Batedeira de Cereais","Unidade",3,{"v":1,"d":"1.0"},{"v":1,"d":"1.0"},{"v":1,"d":"1.0"},{"v":3,"d":"3.0"}]
["Câmara Fria","Unidade",1,{"v":1,"d":"1.0"},{"v":1,"d":"1.0"},{"v":1,"d":"1.0"},{"v":1,"d":"1.0"}]
["Carregadeira de Cana","Unidade",2,{"v":1,"d":"1.0"},{"v":3,"d":"3.0"},{"v":5,"d":"5.0"},{"v":6,"d":"6.0"}]
["Colhedeira Acoplada","Unidade",4,{"v":1,"d":"1.0"},{"v":1.25,"d":"1.3"},{"v":2,"d":"2.0"},{"v":5,"d":"5.0"}]
["Colhedeira Automotriz","Unidade",2,{"v":1,"d":"1.0"},1.5,{"v":2,"d":"2.0"},{"v":3,"d":"3.0"}]
["Computador","Unidade",1,{"v":1,"d":"1.0"},{"v":1,"d":"1.0"},{"v":1,"d":"1.0"},{"v":1,"d":"1.0"}]
["Conj.Irrigação Convencional","Unidade",17,{"v":1,"d":"1.0"},{"v":1.12,"d":"1.1"},{"v":3,"d":"3.0"},{"v":19,"d":"19.0"}]
["Conj.Irrigação Pivot Central","Unidade",15,{"v":1,"d":"1.0"},{"v":1.27,"d":"1.3"},{"v":2,"d":"2.0"},{"v":19,"d":"19.0"}]
["Conj.Irrigação/Gotejamento/Microaspersão","Unidade",12,{"v":1,"d":"1.0"},{"v":1.08,"d":"1.1"},{"v":2,"d":"2.0"},{"v":13,"d":"13.0"}]
["Conjunto de Fenação","Unidade",5,{"v":1,"d":"1.0"},1.2,{"v":2,"d":"2.0"},{"v":6,"d":"6.0"}]
["Desintegrador de Palha (Plantio Direto)","Unidade",3,{"v":1,"d":"1.0"},{"v":1.33,"d":"1.3"},{"v":2,"d":"2.0"},{"v":4,"d":"4.0"}]
["Desintegrador, Picador, Triturador","Unidade",245,{"v":1,"d":"1.0"},{"v":1.11,"d":"1.1"},{"v":4,"d":"4.0"},{"v":271,"d":"271.0"}]
["Distribuidor de Calcário","Unidade",54,{"v":1,"d":"1.0"},{"v":1.15,"d":"1.2"},{"v":3,"d":"3.0"},{"v":62,"d":"62.0"}]
["Ensiladeira","Unidade",37,{"v":1,"d":"1.0"},{"v":1.05,"d":"1.1"},{"v":2,"d":"2.0"},{"v":39,"d":"39.0"}]
["Grade Aradora (Tipo Romi)","Unidade",54,{"v":1,"d":"1.0"},{"v":1.24,"d":"1.2"},{"v":5,"d":"5.0"},{"v":67,"d":"67.0"}]
["Grade Niveladora","Unidade",115,{"v":1,"d":"1.0"},1.1,{"v":3,"d":"3.0"},{"v":126,"d":"126.0"}]
["Implementos para Tração Animal","Unidade",117,{"v":1,"d":"1.0"},{"v":1.22,"d":"1.2"},{"v":5,"d":"5.0"},{"v":143,"d":"143.0"}]
["Microtrator","Unidade",3,{"v":1,"d":"1.0"},{"v":1,"d":"1.0"},{"v":1,"d":"1.0"},{"v":3,"d":"3.0"}]
["Misturador de Ração","Unidade",24,{"v":1,"d":"1.0"},{"v":1.08,"d":"1.1"},{"v":2,"d":"2.0"},{"v":26,"d":"26.0"}]
["Ordenhadeira Mecânica","Unidade",35,{"v":1,"d":"1.0"},{"v":1.06,"d":"1.1"},{"v":2,"d":"2.0"},{"v":37,"d":"37.0"}]
["Pulverizador Tratorizado","Unidade",46,{"v":1,"d":"1.0"},{"v":1.61,"d":"1.6"},{"v":6,"d":"6.0"},{"v":74,"d":"74.0"}]
["Resfriador de Leite, Tanque Expansão","Unidade",50,{"v":1,"d":"1.0"},{"v":1.06,"d":"1.1"},{"v":2,"d":"2.0"},{"v":53,"d":"53.0"}]
["Semeadeira/Adubadeira para Plantio Convencional","Unidade",22,{"v":1,"d":"1.0"},{"v":1.18,"d":"1.2"},{"v":5,"d":"5.0"},{"v":26,"d":"26.0"}]
["Semeadeira/Plantadeira Plantio Direto","Unidade",15,{"v":1,"d":"1.0"},1.4,{"v":5,"d":"5.0"},{"v":21,"d":"21.0"}]
["Terraceador","Unidade",2,{"v":1,"d":"1.0"},1.5,{"v":2,"d":"2.0"},{"v":3,"d":"3.0"}]
["Trator de Esteiras","Unidade",5,{"v":1,"d":"1.0"},1.2,{"v":2,"d":"2.0"},{"v":6,"d":"6.0"}]
["Trator de Pneus","Unidade",171,{"v":1,"d":"1.0"},{"v":1.86,"d":"1.9"},{"v":26,"d":"26.0"},{"v":318,"d":"318.0"}]
["Açude/Represa","Unidade",166,{"v":1,"d":"1.0"},{"v":1.79,"d":"1.8"},{"v":16,"d":"16.0"},{"v":297,"d":"297.0"}]
["Almoxarifado/Oficina","Unidade",40,{"v":1,"d":"1.0"},1.1,{"v":4,"d":"4.0"},{"v":44,"d":"44.0"}]
["Armazém para Grãos Ensacados","Sacas",24,{"v":1,"d":"1.0"},{"v":1632.5,"d":"1,632.5"},{"v":4950,"d":"4,950.0"},{"v":39180,"d":"39,180.0"}]
["Balança para Bovinos","Unidade",31,{"v":1,"d":"1.0"},{"v":1.13,"d":"1.1"},{"v":2,"d":"2.0"},{"v":35,"d":"35.0"}]
["Balança para Veículos","Unidade",3,{"v":1,"d":"1.0"},{"v":1,"d":"1.0"},{"v":1,"d":"1.0"},{"v":3,"d":"3.0"}]
["Barracão para Bicho da Seda/Sirgaria","Unidade",1,{"v":1,"d":"1.0"},{"v":1,"d":"1.0"},{"v":1,"d":"1.0"},{"v":1,"d":"1.0"}]
["Barracão para Granja/Avicultura","Unidade",10,{"v":1,"d":"1.0"},3.2,{"v":10,"d":"10.0"},{"v":32,"d":"32.0"}]
["Barracão/Galpão/Garagem","Unidade",280,{"v":1,"d":"1.0"},{"v":1.21,"d":"1.2"},{"v":10,"d":"10.0"},{"v":339,"d":"339.0"}]
["Casa de Moradia Habitada","Unidade",435,{"v":1,"d":"1.0"},{"v":1.75,"d":"1.8"},{"v":21,"d":"21.0"},{"v":762,"d":"762.0"}]
["Casa de Moradia Total","Unidade",532,{"v":1,"d":"1.0"},{"v":1.96,"d":"2.0"},{"v":14,"d":"14.0"},{"v":1044,"d":"1,044.0"}]
["Curral/Mangueira","Unidade",388,{"v":1,"d":"1.0"},{"v":1.05,"d":"1.1"},{"v":5,"d":"5.0"},{"v":408,"d":"408.0"}]
["Depósito/Tulha","Unidade",314,{"v":1,"d":"1.0"},{"v":1.14,"d":"1.1"},{"v":7,"d":"7.0"},{"v":359,"d":"359.0"}]
["Engenho","Unidade",1,{"v":1,"d":"1.0"},{"v":1,"d":"1.0"},{"v":1,"d":"1.0"},{"v":1,"d":"1.0"}]
["Estábulo","Unidade",147,{"v":1,"d":"1.0"},{"v":1.02,"d":"1.0"},{"v":4,"d":"4.0"},{"v":150,"d":"150.0"}]
["Estufa/Plasticultura","m²",13,{"v":150,"d":"150.0"},{"v":2517.54,"d":"2,517.5"},{"v":5000,"d":"5,000.0"},{"v":32728,"d":"32,728.0"}]
["Fábrica de Ração","Unidade",10,{"v":1,"d":"1.0"},{"v":1,"d":"1.0"},{"v":1,"d":"1.0"},{"v":10,"d":"10.0"}]
["Instalações para Equinos","Unidade",8,{"v":1,"d":"1.0"},{"v":12,"d":"12.0"},{"v":50,"d":"50.0"},{"v":96,"d":"96.0"}]
["Máquina de Benefício","Unidade",2,{"v":1,"d":"1.0"},{"v":1,"d":"1.0"},{"v":1,"d":"1.0"},{"v":2,"d":"2.0"}]
["Packing House","Unidade",1,{"v":1,"d":"1.0"},{"v":1,"d":"1.0"},{"v":1,"d":"1.0"},{"v":1,"d":"1.0"}]
["Pocilga","Unidade",26,{"v":1,"d":"1.0"},{"v":8.58,"d":"8.6"},{"v":51,"d":"51.0"},{"v":223,"d":"223.0"}]
["Poço Semi-Artesiano","Unidade",74,{"v":1,"d":"1.0"},{"v":1.14,"d":"1.1"},{"v":4,"d":"4.0"},{"v":84,"d":"84.0"}]
["Secador de Grãos","Unidade",4,{"v":1,"d":"1.0"},{"v":1,"d":"1.0"},{"v":1,"d":"1.0"},{"v":4,"d":"4.0"}]
["Silo para Grãos","t",3,{"v":240,"d":"240.0"},{"v":740,"d":"740.0"},{"v":1680,"d":"1,680.0"},{"v":2220,"d":"2,220.0"}]
["Silo para Silagem","t",29,{"v":1,"d":"1.0"},{"v":241.93,"d":"241.9"},{"v":1998,"d":"1,998.0"},{"v":7016,"d":"7,016.0"}]
["Terreiro","m²",70,{"v":1,"d":"1.0"},{"v":520.36,"d":"520.4"},{"v":7992,"d":"7,992.0"},{"v":36425,"d":"36,425.0"}]
["Usina de Açúcar/destilaria","Unidade",2,{"v":1,"d":"1.0"},{"v":1,"d":"1.0"},{"v":1,"d":"1.0"},{"v":2,"d":"2.0"}]
["Fonte: Secretaria de Agricultura e Abastecimento, CDRS/IEA, Projeto LUPA."]
[]
["TABELA 130.4 - Outras Estatísticas Agrícolas, Município de Cerqueira César, Estado de São Paulo, 2007/08."]
["ITEM","Número de UPAs",null,"Percentual"]
["Faz Parte de Associação de Produtores",24,null,{"v":3.463203463203463,"d":"3.5"}]
["Faz Parte de Cooperativa de Produtores",26,null,{"v":3.751803751803752,"d":"3.8"}]
["Faz Parte do Sindicato de Produtores",285,null,{"v":41.125541125541126,"d":"41.1"}]
["Não utiliza assistência técnica ",98,null,{"v":14.141414141414142,"d":"14.1"}]
["Utiliza somente assistência técnica governamental ",269,null,{"v":38.81673881673882,"d":"38.8"}]
["Utiliza somente assistência técnica privada ",10,null,{"v":1.443001443001443,"d":"1.4"}]
["Utiliza assistência técnica tanto governamental quanto privada",315,null,{"v":45.45454545454546,"d":"45.5"}]
["Utiliza Crédito Rural",50,null,{"v":7.2150072150072155,"d":"7.2"}]
["Utiliza Seguro Rural",10,null,{"v":1.443001443001443,"d":"1.4"}]
["Utiliza Escrituração Agrícola",228,null,{"v":32.9004329004329,"d":"32.9"}]
["Acessa Internet p/ Fins na Agropecuária",90,null,{"v":12.987012987012987,"d":"13.0"}]
["Utiliza Computador nas Atividades Agropecuárias",85,null,{"v":12.265512265512266,"d":"12.3"}]
["Utiliza Energia Elétrica Para Uso na Atividade Agrícola",614,null,{"v":88.6002886002886,"d":"88.6"}]
["Realiza Análise de Solo, quando necessário",532,null,{"v":76.76767676767678,"d":"76.8"}]
["Utiliza Práticas de Conservação de Solo, quando necessário",592,null,{"v":85.42568542568543,"d":"85.4"}]
["Faz Adubação Mineral, quando necessário",472,null,{"v":68.1096681096681,"d":"68.1"}]
["Faz Adubação Orgânica, quando necessário",154,null,{"v":22.222222222222225,"d":"22.2"}]
["Faz Adubação Verde, quando necessário",18,null,{"v":2.5974025974025974,"d":"2.6"}]
["Utiliza Manejo Integrado de Pragas (MIP)",11,null,{"v":1.5873015873015874,"d":"1.6"}]
["Utiliza Hidroponia",1,null,{"v":0.14430014430014432,"d":"0.1"}]
["Utiliza Plasticultura",9,null,{"v":1.2987012987012987,"d":"1.3"}]
["Utiliza Mudas Fiscalizadas",335,null,{"v":48.34054834054834,"d":"48.3"}]
["Utiliza Semente Melhorada",259,null,{"v":37.37373737373738,"d":"37.4"}]
["Faz Confinamento de Bovinos",23,null,{"v":3.318903318903319,"d":"3.3"}]
["Utiliza Pastejo Intensivo",66,null,{"v":9.523809523809524,"d":"9.5"}]
["Faz Inseminação Artificial",40,null,{"v":5.772005772005772,"d":"5.8"}]
["Faz Mineralização do Rebanho",438,null,{"v":63.2034632034632,"d":"63.2"}]
["Faz Vermifugação do Rebanho",439,null,{"v":63.347763347763355,"d":"63.3"}]
["Possui Parceiros /Arrendatários na Exploração Animal",78,null,{"v":11.255411255411255,"d":"11.3"}]
["Esporte e lazer","-",null,"-"]
["Extração mineral",1,null,{"v":0.14430014430014432,"d":"0.1"}]
["Hotel Fazenda, Pousada ou SPA","-",null,"-"]
["Pesque-pague",1,null,{"v":0.14430014430014432,"d":"0.1"}]
["Restaurante ou Lanchonete",2,null,{"v":0.28860028860028863,"d":"0.3"}]
["Transformação artesanal","-",null,"-"]
["Turismo rural ou ecoturismo","-",null,"-"]
["Outras atividades econômicas rurais",9,null,{"v":1.2987012987012987,"d":"1.3"}]
["Agroindústria",3,null,{"v":0.4329004329004329,"d":"0.4"}]
["Proprietário sem instrução ou com instrução incompleta",20,null,{"v":2.886002886002886,"d":"2.9"}]
["Proprietário com antigo primário completo",320,null,{"v":46.17604617604618,"d":"46.2"}]
["Proprietário com 1° grau (ou antigo ginasial) completo",59,null,{"v":8.513708513708513,"d":"8.5"}]
["Proprietário com 2° grau (ou antigo colegial) completo",104,null,{"v":15.007215007215008,"d":"15.0"}]
["Proprietário com curso superior completo ",166,null,{"v":23.953823953823953,"d":"24.0"}]
["Pessoa Jurídica",23,null,{"v":3.318903318903319,"d":"3.3"}]
["Proprietário residente na própria UPA ",153,null,{"v":22.07792207792208,"d":"22.1"}]
["Fonte: Secretaria de Agricultura e Abastecimento, CDRS/IEA, Projeto LUPA."]
[]
["TABELA 130.5 - Área Cultivada, Município de Cerqueira César, Estado de São Paulo, 2007/08."]
["CULTURA","N.DE UPAs","MÍNIMO","MÉDIO","MÁXIMO","TOTAL"]
["Braquiaria",585,0.3,{"v":30.01,"d":"30.0"},752.2,{"v":17556.2,"d":"17,556.2"}]
["Cana-de-acucar",296,0.3,{"v":36.16,"d":"36.2"},{"v":430,"d":"430.0"},{"v":10703.8,"d":"10,703.8"}]
["Eucalipto",133,0.2,{"v":27.96,"d":"28.0"},816.1,{"v":3718.9,"d":"3,718.9"}]
["Soja",27,{"v":6,"d":"6.0"},{"v":102.28,"d":"102.3"},450.6,{"v":2761.5,"d":"2,761.5"}]
["Milho",119,0.3,{"v":20.58,"d":"20.6"},254.1,{"v":2449.2,"d":"2,449.2"}]
["Laranja",10,9.4,207.3,{"v":628,"d":"628.0"},{"v":2073,"d":"2,073.0"}]
["Cafe",76,0.5,12.3,164.6,934.8]
["Feijao",10,5.3,{"v":84.47,"d":"84.5"},169.4,844.7]
["Coloniao",31,{"v":1,"d":"1.0"},{"v":24.82,"d":"24.8"},{"v":123,"d":"123.0"},769.5]
["Pinus",2,117.1,150.8,184.5,301.6]
["Gramas",25,0.5,{"v":7.92,"d":"7.9"},72.6,198.1]
["Capim-napier (ou capim-elefante)",51,0.2,{"v":1.79,"d":"1.8"},9.6,91.5]
["Sorgo-forrageiro",5,0.6,{"v":17.48,"d":"17.5"},{"v":60,"d":"60.0"},87.4]
["Milho-silagem",10,{"v":2,"d":"2.0"},{"v":8.05,"d":"8.1"},31.4,80.5]
["Abobora (ou jerimum)",5,{"v":1,"d":"1.0"},11.2,33.4,{"v":56,"d":"56.0"}]
["Melancia",3,14.5,17.9,24.2,53.7]
["Trigo",2,16.9,{"v":17.15,"d":"17.2"},17.4,34.3]
["Abacate",1,33.9,33.9,33.9,33.9]
["Sorgo",3,1.2,{"v":9.23,"d":"9.2"},16.9,27.7]
["Bucha",1,14.5,14.5,14.5,14.5]
["Horta domestica",4,0.5,{"v":2.43,"d":"2.4"},4.8,9.7]
["Pomar domestico",7,0.1,{"v":1.23,"d":"1.2"},{"v":5,"d":"5.0"},8.6]
["Mandioca",3,0.2,{"v":2.87,"d":"2.9"},7.2,8.6]
["Milho Safrinha",1,8.4,8.4,8.4,8.4]
["Coco-da-baia",1,{"v":6,"d":"6.0"},{"v":6,"d":"6.0"},{"v":6,"d":"6.0"},{"v":6,"d":"6.0"}]
["Viveiro de flores e ornamentais",1,3.5,3.5,3.5,3.5]
["Pimentao",10,0.1,{"v":0.35,"d":"0.4"},{"v":1,"d":"1.0"},3.5]
["Tomate envarado",7,0.1,{"v":0.49,"d":"0.5"},1.5,3.4]
["Alface",3,0.4,1.1,2.4,3.3]
["Palmito",1,{"v":3,"d":"3.0"},{"v":3,"d":"3.0"},{"v":3,"d":"3.0"},{"v":3,"d":"3.0"}]
["Aveia",1,2.4,2.4,2.4,2.4]
["Amora (ou amora-branca)",1,2.4,2.4,2.4,2.4]
["Arroz",1,{"v":2,"d":"2.0"},{"v":2,"d":"2.0"},{"v":2,"d":"2.0"},{"v":2,"d":"2.0"}]
["Viveiro de florestais",1,{"v":2,"d":"2.0"},{"v":2,"d":"2.0"},{"v":2,"d":"2.0"},{"v":2,"d":"2.0"}]
["Pepino",4,0.1,{"v":0.15,"d":"0.2"},0.2,0.6]
["Banana",1,0.1,0.1,0.1,0.1]
["Fonte: Secretaria de Agricultura e Abastecimento, CDRS/IEA, Projeto LUPA."]